| 000 | 00493nam a2200169Ia 4500 | ||
|---|---|---|---|
| 003 | IN-BaIIA | ||
| 008 | 211028s9999 xx 000 0 eng d | ||
| 040 | _cIIA Library | ||
| 080 |
_a083:52 _bCRU |
||
| 100 |
_aCruls, L. _91329 |
||
| 245 | 0 |
_aMethodo para determinar as horas das occultacoes de estrellas pele lua _cL. Cruls |
|
| 260 |
_aRio de Janeiro _bTypographia Leuzinger _c1899 |
||
| 300 | _a[various pagings.] | ||
| 650 |
_aAstrophysics _9794 |
||
| 650 |
_aOccultations _9943 |
||
| 942 | _cBK | ||
| 999 |
_c605 _d605 |
||